| 000 | 00637nam a2200277Ia 4500 | ||
|---|---|---|---|
| 001 | 118953 | ||
| 003 | YMCAF | ||
| 005 | 20230512163514.0 | ||
| 008 | 180405s2017 ||||||||||||||||| ||und|d | ||
| 020 | _a9789386062758 | ||
| 024 | _a118953 | ||
| 035 | _a48755 | ||
| 040 |
_aYMCAF _beng _cIN-KoLT |
||
| 041 | _aeng | ||
| 082 |
_a658.0072 _bWIL |
||
| 100 | _aWilson, Jonathan | ||
| 245 | 0 | _aEssentials of business research | |
| 250 | _a2nd | ||
| 260 |
_aNew Delhi _bSage _c2017 |
||
| 300 | _a352 | ||
| 653 | _aBusiness research | ||
| 653 | _aManagement | ||
| 653 | _aResearch project | ||
| 653 | _aSampling | ||
| 942 |
_2ddc _cBK |
||
| 999 |
_c15595 _d15595 |
||